[Event "DEM U14 2012"]
[Site "Oberhof GER"]
[Date "2012.05.27"]
[Round "2"]
[White "Perske, Thore"]
[Black "Janke, Hendrik"]
[Result "1-0"]
[Termination "normal"]
[Board "8"]
[WhiteElo "2073"]
[BlackElo "1753"]
[PlyCount "77"]
[WhiteFideId "12902195"]
[BlackFideId "12921831"]
[EventCountry "GER"]
[EventRounds "9"]
[EventType "swiss"]
[EventDate "2012.05.26"]

1. e4 Nf6 2. e5 Nd5 3. d4 d6 4. c4 Nb6 5. exd6 cxd6 6. Nc3 g6 7. Bd3 Bg7 8.
Nge2 O-O 9. O-O e5 10. Be3 Nc6 11. d5 Ne7 12. b3 f5 13. f4 a6 14. Qd2 e4 15.
Bc2 Bd7 16. Rfd1 Rc8 17. Bd4 Na8 18. Bxg7 Kxg7 19. Nd4 Qb6 20. Kh1 Nc7 21. Rac1
Kf7 22. Nce2 Ng8 23. b4 Nf6 24. Bb3 e3 25. Qxe3 Qxb4 26. c5 Rfe8 27. Qf3 dxc5
28. d6+ Ne6 29. Nxe6 Bxe6 30. d7 Nxd7 31. Rxd7+ Re7 32. Bxe6+ Kxe6 33. Qd5+ Kf6
34. Rxe7 Kxe7 35. Qe5+ Kf7 36. Rd1 Qa4 37. Nc3 Qe8 38. Qd5+ Kf8 39. Qxb7 1-0

[Event "DEM U14 2012"]
[Site "Oberhof GER"]
[Date "2012.05.27"]
[Round "2"]
[White "Müller, Max"]
[Black "Baskin, Robert"]
[Result "1/2-1/2"]
[Termination "normal"]
[Board "9"]
[WhiteElo "1648"]
[BlackElo "2068"]
[PlyCount "65"]
[WhiteFideId "12900486"]
[BlackFideId "24662402"]
[EventCountry "GER"]
[EventRounds "9"]
[EventType "swiss"]
[EventDate "2012.05.26"]

1. Nf3 c5 2. g3 b6 3. Bg2 Bb7 4. c4 Nf6 5. Nc3 e6 6. d3 d5 7. cxd5 exd5 8. d4
Be7 9. O-O O-O 10. Bg5 Ne4 11. Bxe7 Qxe7 12. e3 Nd7 13. Rc1 Nxc3 14. Rxc3 c4
15. Nd2 b5 16. Re1 Nf6 17. Qe2 Rfe8 18. f3 Qd6 19. Qf2 Rad8 20. Rcc1 Re7 21.
Rcd1 Rde8 22. Nf1 h5 23. Qc2 a5 24. Kf2 b4 25. Nd2 Qb6 26. b3 cxb3 27. Nxb3 Rc7
28. Qd2 Rc3 29. Rc1 Rxc1 30. Rxc1 a4 31. Nc5 Bc6 32. Rb1 Rb8 33. Bf1 1/2-1/2

[Event "DEM U14 2012"]
[Site "Oberhof GER"]
[Date "2012.05.27"]
[Round "2"]
[White "Niegsch, Nicolas"]
[Black "Kollars, Dmitrij"]
[Result "1/2-1/2"]
[Termination "normal"]
[Board "10"]
[WhiteElo "1687"]
[BlackElo "2005"]
[PlyCount "71"]
[WhiteFideId "12932140"]
[BlackFideId "12909572"]
[EventCountry "GER"]
[EventRounds "9"]
[EventType "swiss"]
[EventDate "2012.05.26"]

1. e4 c5 2. Nf3 d6 3. d4 cxd4 4. Nxd4 Nf6 5. Nc3 g6 6. Be2 Bg7 7. O-O O-O 8.
Re1 Nc6 9. Nb3 Be6 10. Bf1 Rc8 11. Bg5 Ne5 12. Nd5 Bxd5 13. exd5 h6 14. Be3 Qc7
15. Rc1 Nc4 16. Bd4 b5 17. g3 Rfe8 18. Bh3 Rb8 19. Re2 a5 20. Na1 Nb6 21. Bg2
Nfd7 22. Bxg7 Kxg7 23. Qd4+ Nf6 24. Rce1 Kf8 25. Nb3 a4 26. Na5 Nbxd5 27. Bxd5
e5 28. Qd2 Nxd5 29. Qxd5 Qxa5 30. Qxd6+ Kg8 31. Rxe5 Qxe1+ 32. Rxe1 Rxe1+ 33.
Kg2 Ree8 34. b3 axb3 35. axb3 b4 36. h4 1/2-1/2

[Event "DEM U14 2012"]
[Site "Oberhof GER"]
[Date "2012.05.27"]
[Round "2"]
[White "Böhning, Kilian"]
[Black "Schmidt, Tobias"]
[Result "1-0"]
[Termination "normal"]
[Board "11"]
[WhiteElo "1754"]
[BlackElo "1735"]
[PlyCount "91"]
[WhiteFideId "1270499"]
[BlackFideId "1271683"]
[EventCountry "GER"]
[EventRounds "9"]
[EventType "swiss"]
[EventDate "2012.05.26"]

1. e4 e6 2. d4 d5 3. Nd2 c5 4. exd5 Qxd5 5. Ngf3 cxd4 6. Bc4 Qd6 7. O-O Nf6 8.
Nb3 Nc6 9. Nbxd4 Nxd4 10. Nxd4 a6 11. a4 Qc7 12. Qe2 Bd6 13. Nf3 O-O 14. Bg5
Nd7 15. h3 Re8 16. Rad1 Ne5 17. Nxe5 Bxe5 18. b3 h6 19. Be3 Bd7 20. a5 Bf6 21.
Bb6 Qc8 22. Qg4 Bc6 23. Rd3 Be5 24. Rfd1 Bc7 25. Be3 Kh8 26. Qh4 Bd8 27. Qh5
Be4 28. Qxf7 Bf6 29. Rd7 Rf8 30. Qxe6 Bxc2 31. R1d5 Bg6 32. Rc5 Qb8 33. Rcc7
Rd8 34. Bxh6 Rxd7 35. Rxd7 Qe8 36. Be3 Qxe6 37. Bxe6 Be4 38. Bd5 Bxd5 39. Rxd5
Rc8 40. Bc5 Kg8 41. b4 Rc7 42. g4 Kf7 43. f4 g6 44. Kf2 Be7 45. Kf3 Ke6 46.
Re5+ 1-0

[Event "DEM U14 2012"]
[Site "Oberhof GER"]
[Date "2012.05.27"]
[Round "2"]
[White "Hirschmann, Jakob"]
[Black "Berkov, Mikhail"]
[Result "1-0"]
[Termination "normal"]
[Board "12"]
[WhiteElo "1876"]
[BlackElo "1815"]
[PlyCount "37"]
[WhiteFideId "24652067"]
[BlackFideId "24678783"]
[EventCountry "GER"]
[EventRounds "9"]
[EventType "swiss"]
[EventDate "2012.05.26"]

1. e4 c5 2. Ne2 e6 3. g3 Nc6 4. Bg2 g6 5. d4 cxd4 6. Nxd4 Bg7 7. Nb5 Qa5+ 8.
N1c3 a6 9. Nd6+ Ke7 10. O-O Qb4 11. Nxc8+ Rxc8 12. a3 Qd4 13. Qe2 Na5 14. Be3
Qc4 15. Qd3 Nf6 16. Rad1 Qc7 17. Bf4 Qd8 18. e5 Nc4 19. exf6+ 1-0

[Event "DEM U14 2012"]
[Site "Oberhof GER"]
[Date "2012.05.27"]
[Round "2"]
[White "Geldner, Gerrit"]
[Black "Keller, Peter"]
[Result "0-1"]
[Termination "normal"]
[Board "13"]
[WhiteElo "1708"]
[BlackElo "1931"]
[PlyCount "106"]
[WhiteFideId "24678929"]
[BlackFideId "1272105"]
[EventCountry "GER"]
[EventRounds "9"]
[EventType "swiss"]
[EventDate "2012.05.26"]

1. f4 d5 2. Nf3 Bg4 3. e3 Nd7 4. Be2 Bxf3 5. Bxf3 Ngf6 6. O-O e5 7. fxe5 Nxe5
8. b3 Bd6 9. Bb2 O-O 10. Nc3 c6 11. Ne2 Qc7 12. Nf4 Rae8 13. g3 Qe7 14. Qe2
Nxf3+ 15. Qxf3 Ne4 16. Qg2 f6 17. a4 Rf7 18. Rae1 Qc7 19. Re2 Be5 20. Bxe5 fxe5
21. Nh3 Ref8 22. d3 Nd6 23. Ref2 Rxf2 24. Nxf2 Nf5 25. Re1 Qb6 26. Nd1 a5 27.
Qe2 Qc5 28. Rf1 g6 29. g4 Nh4 30. Rxf8+ Qxf8 31. Qf2 Nf3+ 32. Kg2 e4 33. dxe4
dxe4 34. Nc3 Qb4 35. Ne2 c5 36. Qg3 Qb6 37. Nc3 Qc6 38. Qf4 Ne1+ 39. Kh3 Nxc2
40. Qxe4 Qxe4 41. Nxe4 b6 42. Nf6+ Kf7 43. Nd7 Ke6 44. Nxb6 Nxe3 45. Kg3 Ke5
46. Kf3 Kd4 47. Nd7 Nf1 48. Ke2 Nxh2 49. g5 Ng4 50. Nf6 Ne5 51. Nxh7 Kc3 52.
Nf6 Kxb3 53. Ne4 c4 0-1

[Event "DEM U14 2012"]
[Site "Oberhof GER"]
[Date "2012.05.27"]
[Round "2"]
[White "Bardosch, Karl"]
[Black "Bach, Jannik"]
[Result "0-1"]
[Termination "normal"]
[Board "14"]
[WhiteElo "1656"]
[BlackElo "1826"]
[PlyCount "100"]
[WhiteFideId "24696480"]
[BlackFideId "24615900"]
[EventCountry "GER"]
[EventRounds "9"]
[EventType "swiss"]
[EventDate "2012.05.26"]

1. e4 c6 2. d4 d5 3. exd5 cxd5 4. Bd3 Nc6 5. c3 Nf6 6. Bf4 g6 7. h3 Bg7 8. Nf3
Bf5 9. Bxf5 gxf5 10. Qb3 Qc8 11. Nbd2 Qe6+ 12. Kf1 Qd7 13. Re1 O-O 14. Ne5 Nxe5
15. Bxe5 Ne4 16. Nf3 f6 17. Bf4 Kh8 18. Qc2 Rfe8 19. Bc1 e5 20. dxe5 fxe5 21.
Rd1 Qc6 22. g4 f4 23. Qd3 Rad8 24. Kg2 Qg6 25. Nd2 Nc5 26. Qxg6 hxg6 27. Nb3 b6
28. h4 Kh7 29. Rh3 Rf8 30. Nxc5 bxc5 31. Rhd3 d4 32. cxd4 e4 33. Ra3 Rf7 34.
Re1 Rxd4 35. Ra6 f3+ 36. Kh3 Rc4 37. b3 Rc2 38. Be3 Bd4 39. Kg3 Be5+ 40. Kh3
Re2 41. Rf1 Bd4 42. Re6 Bxe3 43. fxe3 Rxe3 44. Kg3 f2+ 45. Kg2 Re2 46. Re5 e3
47. Re6 Re1 48. Re4 Rxf1 49. Kxf1 Rf3 50. g5 Rg3 0-1

[Event "DEM U14 2012"]
[Site "Oberhof GER"]
[Date "2012.05.27"]
[Round "2"]
[White "Stein, Daniel"]
[Black "Tesch, Davy"]
[Result "1-0"]
[Termination "normal"]
[Board "15"]
[WhiteElo "1645"]
[BlackElo "1692"]
[PlyCount "67"]
[WhiteFideId "12939307"]
[BlackFideId "24679917"]
[EventCountry "GER"]
[EventRounds "9"]
[EventType "swiss"]
[EventDate "2012.05.26"]

1. e4 d5 2. exd5 Qxd5 3. Nc3 Qa5 4. d4 Nf6 5. Nf3 Bf5 6. Bd2 c6 7. Ne5 Nbd7 8.
g4 Bg6 9. Ne4 Qc7 10. Nxf6+ gxf6 11. Nxg6 hxg6 12. h4 Bh6 13. Bxh6 Rxh6 14. Qd2
Rh7 15. Bd3 O-O-O 16. O-O-O Rdh8 17. h5 f5 18. f3 Nf6 19. Rhg1 e6 20. Qg5 Qe7
21. hxg6 fxg6 22. Rde1 Rg8 23. Bc4 Nd7 24. Qxe7 Rxe7 25. gxf5 Nf8 26. fxg6 Rxg6
27. Rxg6 Nxg6 28. Rxe6 Rg7 29. Kd2 Nh4 30. Rf6 Kd7 31. Rf4 Rh7 32. Bd3 Rh8 33.
Rf7+ Kc8 34. Ke3 1-0

[Event "DEM U14 2012"]
[Site "Oberhof GER"]
[Date "2012.05.28"]
[Round "3"]
[White "Schröder, Jan-Christian"]
[Black "Sawlin, Leonid"]
[Result "1-0"]
[Termination "normal"]
[Board "1"]
[WhiteElo "2306"]
[BlackElo "1925"]
[PlyCount "63"]
[WhiteFideId "24662259"]
[BlackFideId "4689542"]
[EventCountry "GER"]
[EventRounds "9"]
[EventType "swiss"]
[EventDate "2012.05.26"]

1. e4 e6 2. d4 d5 3. Nd2 Nf6 4. e5 Nfd7 5. Bd3 c5 6. c3 Nc6 7. Ne2 cxd4 8. cxd4
f6 9. Nf4 Nxd4 10. Qh5+ Ke7 11. exf6+ Nxf6 12. Ng6+ hxg6 13. Qxh8 Kf7 14. Qh4
e5 15. Nf3 Nxf3+ 16. gxf3 Bf5 17. Bxf5 gxf5 18. Bg5 Rc8 19. O-O Rc4 20. Qh3 g6
21. Rac1 Rc6 22. Qh8 d4 23. Rxc6 bxc6 24. Rc1 Qd6 25. Qxf6+ Qxf6 26. Bxf6 Kxf6
27. Rxc6+ Kg5 28. Kf1 e4 29. Rc4 Bg7 30. Rc7 Be5 31. Rxa7 exf3 32. Rd7 1-0

[Event "DEM U14 2012"]
[Site "Oberhof GER"]
[Date "2012.05.28"]
[Round "3"]
[White "Mager, Denis"]
[Black "Grigorian, Spartak"]
[Result "0-1"]
[Termination "normal"]
[Board "2"]
[WhiteElo "1944"]
[BlackElo "2078"]
[PlyCount "88"]
[WhiteFideId "24691127"]
[BlackFideId "24661490"]
[EventCountry "GER"]
[EventRounds "9"]
[EventType "swiss"]
[EventDate "2012.05.26"]

1. d4 Nf6 2. Nf3 g6 3. c4 c5 4. e3 Bg7 5. Bd3 O-O 6. O-O cxd4 7. exd4 d5 8. Nc3
Nc6 9. Bg5 Be6 10. c5 Bg4 11. Be2 Ne4 12. Be3 b6 13. cxb6 Nxc3 14. bxc3 axb6
15. Qd2 Na5 16. h3 Bxf3 17. Bxf3 Nc4 18. Qc1 e6 19. Bh6 Bxh6 20. Qxh6 Ra3 21.
Rfc1 Qa8 22. Rc2 Qa4 23. Qc1 Ra8 24. Qb1 Na5 25. Bd1 Qc6 26. Qb4 Nc4 27. Re2
Qd6 28. Qxd6 Nxd6 29. Rc2 Rc8 30. Rac1 Nb5 31. Rb1 Raxc3 32. Rxb5 Rxc2 33. Bxc2
Rxc2 34. Rxb6 Rxa2 35. Rb4 Kg7 36. g3 h5 37. h4 Kf6 38. f3 Rc2 39. Rb3 Rd2 40.
Rb4 Kf5 41. Kf1 f6 42. Kg1 g5 43. g4+ hxg4 44. h5 gxf3 0-1

[Event "DEM U14 2012"]
[Site "Oberhof GER"]
[Date "2012.05.28"]
[Round "3"]
[White "Bilchinski, Anton"]
[Black "Grunau, Christoph"]
[Result "1/2-1/2"]
[Termination "normal"]
[Board "3"]
[WhiteElo "1837"]
[BlackElo "1927"]
[PlyCount "40"]
[WhiteFideId "24615765"]
[BlackFideId "12929760"]
[EventCountry "GER"]
[EventRounds "9"]
[EventType "swiss"]
[EventDate "2012.05.26"]

1. d4 d5 2. c4 c6 3. cxd5 cxd5 4. Nc3 Nf6 5. Nf3 Nc6 6. Bf4 Qb6 7. Na4 Qa5+ 8.
Bd2 Qd8 9. e3 e6 10. Be2 Bd6 11. O-O O-O 12. Rc1 Ne4 13. Nc5 e5 14. Nxe4 dxe4
15. Nxe5 Nxe5 16. dxe5 Bxe5 17. Bc3 Bxc3 18. Rxc3 Bd7 19. Qb3 Bc6 20. Rd1 Qg5
1/2-1/2

[Event "DEM U14 2012"]
[Site "Oberhof GER"]
[Date "2012.05.28"]
[Round "3"]
[White "Pfreundt, Jakob"]
[Black "Herzum, Peter"]
[Result "1-0"]
[Termination "normal"]
[Board "4"]
[WhiteElo "1828"]
[BlackElo "1783"]
[PlyCount "69"]
[WhiteFideId "12918156"]
[BlackFideId "12919217"]
[EventCountry "GER"]
[EventRounds "9"]
[EventType "swiss"]
[EventDate "2012.05.26"]

1. d4 Nf6 2. Nf3 g6 3. c4 Bg7 4. Nc3 d5 5. e3 O-O 6. Qb3 c6 7. Bd2 dxc4 8. Bxc4
b5 9. Bd3 Be6 10. Qc2 Na6 11. Ne2 Qb6 12. Nf4 Bd7 13. b4 Nd5 14. Nxd5 cxd5 15.
Qb3 e6 16. O-O Rfc8 17. h4 Nc7 18. g3 h5 19. Ne5 Qd6 20. f4 Ne8 21. Rac1 Nf6
22. Qb1 Bf8 23. Rc5 a6 24. Rfc1 Rxc5 25. bxc5 Qc7 26. Bxg6 fxg6 27. Qxg6+ Bg7
28. Qf7+ Kh7 29. c6 Qd6 30. Nxd7 Nxd7 31. cxd7 Rd8 32. Qxh5+ Kg8 33. Qe8+ Qf8
34. Qxe6+ Kh7 35. Rc8 1-0

[Event "DEM U14 2012"]
[Site "Oberhof GER"]
[Date "2012.05.28"]
[Round "3"]
[White "Peczely, Sebastian Zsombor"]
[Black "Richter, Leonard"]
[Result "1-0"]
[Termination "normal"]
[Board "5"]
[WhiteElo "2053"]
[BlackElo "1913"]
[PlyCount "83"]
[WhiteFideId "750964"]
[BlackFideId "12900290"]
[EventCountry "GER"]
[EventRounds "9"]
[EventType "swiss"]
[EventDate "2012.05.26"]

1. e4 c5 2. Nf3 d6 3. d4 cxd4 4. Nxd4 Nf6 5. Nc3 a6 6. Qe2 e5 7. Nf5 Bxf5 8.
exf5 Nc6 9. Bg5 Nd4 10. Qd3 Qc8 11. Bxf6 gxf6 12. O-O-O Qxf5 13. Qxf5 Nxf5 14.
Nd5 O-O-O 15. g3 Ne7 16. Nxf6 d5 17. Bh3+ Kc7 18. Rhe1 Bg7 19. Nh5 Bh6+ 20. f4
Ng6 21. Kb1 exf4 22. gxf4 Nxf4 23. Nxf4 Bxf4 24. Re7+ Kb6 25. a4 Bxh2 26. Rd3
Kc6 27. Bg2 b5 28. Rxf7 Be5 29. Re7 Rhe8 30. Rxh7 bxa4 31. Ra7 Kb6 32. Rf7 Kc5
33. Rf2 Bh8 34. Ka2 Re5 35. Rc3+ Kb6 36. Rh3 Rb8 37. Rh6+ Kc7 38. Rf7+ Kd8 39.
Rxh8+ Re8 40. Rff8 Rxf8 41. Rxf8+ Kc7 42. Rxb8 1-0

[Event "DEM U14 2012"]
[Site "Oberhof GER"]
[Date "2012.05.28"]
[Round "3"]
[White "Hirschmann, Jakob"]
[Black "Perske, Thore"]
[Result "1-0"]
[Termination "normal"]
[Board "6"]
[WhiteElo "1876"]
[BlackElo "2073"]
[PlyCount "73"]
[WhiteFideId "24652067"]
[BlackFideId "12902195"]
[EventCountry "GER"]
[EventRounds "9"]
[EventType "swiss"]
[EventDate "2012.05.26"]

1. e4 e6 2. d3 d5 3. Nd2 Nf6 4. Ngf3 c5 5. g3 Nc6 6. Bg2 Be7 7. O-O O-O 8. Re1
b5 9. e5 Nd7 10. Nf1 a5 11. h4 b4 12. Bf4 a4 13. N1h2 Ba6 14. Ng5 Qe8 15. c4
bxc3 16. bxc3 Nb6 17. Rb1 Rb8 18. Ng4 h6 19. Nh3 Rb7 20. Re2 Nd8 21. Reb2 Na8
22. Rxb7 Bxb7 23. Bxh6 gxh6 24. Nf6+ Bxf6 25. exf6 Kh7 26. Qg4 Rg8 27. Ng5+ Kh8
28. c4 Rg6 29. Qh5 Kg8 30. Nh3 Rxf6 31. Nf4 Rf5 32. Qg4+ Kh7 33. cxd5 Re5 34.
Nh5 Qh8 35. dxe6 Bxg2 36. exf7 Bd5 37. Nf6+ 1-0

[Event "DEM U14 2012"]
[Site "Oberhof GER"]
[Date "2012.05.28"]
[Round "3"]
[White "Keller, Peter"]
[Black "Müller, Constantin"]
[Result "1-0"]
[Termination "normal"]
[Board "7"]
[WhiteElo "1931"]
[BlackElo "1921"]
[PlyCount "57"]
[WhiteFideId "1272105"]
[BlackFideId "24697630"]
[EventCountry "GER"]
[EventRounds "9"]
[EventType "swiss"]
[EventDate "2012.05.26"]

1. e4 c5 2. Nf3 e6 3. Nc3 a6 4. d4 cxd4 5. Nxd4 Qc7 6. Be2 b5 7. O-O Bb7 8. Be3
b4 9. Na4 Bxe4 10. c3 Nf6 11. Rc1 Qb7 12. Nf3 Nd5 13. Bd4 d6 14. c4 Nf4 15. Nb6
Nc6 16. Nxa8 Nxd4 17. Nxd4 Nxe2+ 18. Qxe2 Qxa8 19. Rfe1 Bxg2 20. Nxe6 fxe6 21.
Qxe6+ Kd8 22. Qe8+ Kc7 23. Qf7+ Kb6 24. Re8 Qc6 25. Rb8+ Ka5 26. b3 Qc5 27.
Kxg2 Qg5+ 28. Kf3 Qh5+ 29. Qxh5+ 1-0

[Event "DEM U14 2012"]
[Site "Oberhof GER"]
[Date "2012.05.28"]
[Round "3"]
[White "Riehle, Marco"]
[Black "Sabirov, Ramil"]
[Result "1/2-1/2"]
[Termination "normal"]
[Board "8"]
[WhiteElo "1835"]
[BlackElo "1784"]
[PlyCount "71"]
[WhiteFideId "12904392"]
[BlackFideId "12900303"]
[EventCountry "GER"]
[EventRounds "9"]
[EventType "swiss"]
[EventDate "2012.05.26"]

1. e4 c5 2. Nf3 e6 3. d4 cxd4 4. Nxd4 a6 5. c4 Nf6 6. Nc3 Qc7 7. a3 b6 8. Be3
Bb7 9. Bd3 Be7 10. O-O O-O 11. Rc1 d6 12. Nde2 Nbd7 13. Bb1 Rac8 14. Bd4 Qb8
15. b3 Bd8 16. Ng3 Nc5 17. Qc2 Ncd7 18. f4 Bc7 19. Rce1 Rfe8 20. Kh1 b5 21. e5
dxe5 22. fxe5 Bxe5 23. Rxf6 gxf6 24. Qxh7+ Kf8 25. Bxe5 Nxe5 26. Nh5 Ke7 27.
Qg7 Ng4 28. Qxg4 Rg8 29. Ng7 Rxg7 30. Qxg7 Rg8 31. Qh6 Bxg2+ 32. Kg1 Bh3+ 33.
Kh1 Bg2+ 34. Kg1 Bh3+ 35. Kh1 Bg2+ 36. Kg1 1/2-1/2

[Event "DEM U14 2012"]
[Site "Oberhof GER"]
[Date "2012.05.28"]
[Round "3"]
[White "Janke, Hendrik"]
[Black "Flüchter, Gregor"]
[Result "0-1"]
[Termination "normal"]
[Board "9"]
[WhiteElo "1753"]
[BlackElo "1961"]
[PlyCount "96"]
[WhiteFideId "12921831"]
[BlackFideId "12903396"]
[EventCountry "GER"]
[EventRounds "9"]
[EventType "swiss"]
[EventDate "2012.05.26"]

1. e4 c5 2. Nc3 Nc6 3. Nge2 Nf6 4. g3 g6 5. Bg2 Bg7 6. O-O O-O 7. f4 d6 8. h3
Rb8 9. a4 a6 10. Kh1 Nd7 11. d3 b5 12. axb5 axb5 13. e5 Nd4 14. exd6 exd6 15.
Nxd4 Bxd4 16. Ne4 Nb6 17. c3 Bg7 18. Be3 b4 19. d4 Nc4 20. Qe2 Nxe3 21. Qxe3
cxd4 22. cxd4 Re8 23. Rfe1 Bxh3 24. Bxh3 d5 25. Qb3 Rxe4 26. Rxe4 dxe4 27. Ra7
Qxd4 28. Qxf7+ Kh8 29. Re7 Qf6 30. Qxf6 Bxf6 31. Rxe4 Bxb2 32. Be6 Bc3 33. Rc4
Be1 34. Kg2 b3 35. Rd4 Bc3 36. Rd1 b2 37. Ba2 Ra8 38. Bb1 Rc8 39. Ba2 Bb4 40.
Rb1 Rc2+ 41. Kh3 Ba3 42. Kg4 h5+ 43. Kf3 Rc1 44. Ke3 Kg7 45. Kf3 Kf6 46. Ke4
Rc3 47. Rg1 Rc1 48. Rg2 Ra1 0-1

[Event "DEM U14 2012"]
[Site "Oberhof GER"]
[Date "2012.05.28"]
[Round "3"]
[White "Bach, Jannik"]
[Black "Böhning, Kilian"]
[Result "1-0"]
[Termination "normal"]
[Board "10"]
[WhiteElo "1826"]
[BlackElo "1754"]
[PlyCount "93"]
[WhiteFideId "24615900"]
[BlackFideId "1270499"]
[EventCountry "GER"]
[EventRounds "9"]
[EventType "swiss"]
[EventDate "2012.05.26"]

1. Nf3 d5 2. g3 g6 3. Bg2 Bg7 4. d4 c5 5. c3 Nc6 6. O-O Bf5 7. Qb3 Qd7 8. Bf4
cxd4 9. cxd4 Na5 10. Qd1 Qb5 11. Nc3 Qd7 12. Ne5 Bxe5 13. dxe5 d4 14. Na4 Rc8
15. b3 e6 16. Rc1 Ne7 17. Rxc8+ Qxc8 18. Qxd4 Nac6 19. Qd2 Qd7 20. Qxd7+ Kxd7
21. e4 g5 22. Bxg5 Bg6 23. Rd1+ Kc7 24. Nc3 a6 25. Bxe7 Nxe7 26. f4 b5 27. Kf2
Nc6 28. Ke3 h5 29. Ne2 Nb4 30. Rd2 Rc8 31. Nd4 Kb6 32. Ne2 Nc2+ 33. Kf2 b4 34.
h3 a5 35. g4 Na3 36. Bf3 hxg4 37. hxg4 Rc7 38. Ke3 Nc2+ 39. Kf2 Na3 40. Nd4 Rd7
41. Ke3 Nb1 42. Rh2 Kc5 43. Rc2+ Nc3 44. Ne2 Kb6 45. Nxc3 bxc3 46. Rxc3 Bh7 47.
Be2 1-0

[Event "DEM U14 2012"]
[Site "Oberhof GER"]
[Date "2012.05.28"]
[Round "3"]
[White "Baskin, Robert"]
[Black "Stein, Daniel"]
[Result "1-0"]
[Termination "normal"]
[Board "11"]
[WhiteElo "2068"]
[BlackElo "1645"]
[PlyCount "73"]
[WhiteFideId "24662402"]
[BlackFideId "12939307"]
[EventCountry "GER"]
[EventRounds "9"]
[EventType "swiss"]
[EventDate "2012.05.26"]

1. e4 c5 2. Nf3 e6 3. d4 cxd4 4. Nxd4 a6 5. Bd3 Bc5 6. Nb3 Ba7 7. Qe2 Nc6 8.
O-O d6 9. c4 Nge7 10. Nc3 O-O 11. Be3 Re8 12. Rfd1 Ng6 13. Bxa7 Rxa7 14. Qe3 b6
15. Be2 Qc7 16. Rac1 Qb8 17. g3 Rd8 18. f4 Nf8 19. Bf3 Nd7 20. e5 Ne7 21. exd6
Nf5 22. Qe2 Nc5 23. Nxc5 bxc5 24. Ne4 Nd4 25. Rxd4 cxd4 26. c5 d3 27. Qxd3 Qxb2
28. Rb1 Qxa2 29. c6 f5 30. Nc3 Qa3 31. Rd1 Rxd6 32. Qxd6 Qxc3 33. Qd8+ Kf7 34.
Kg2 Qc2+ 35. Rd2 Qc3 36. Rf2 Ra8 37. c7 1-0

[Event "DEM U14 2012"]
[Site "Oberhof GER"]
[Date "2012.05.28"]
[Round "3"]
[White "Kollars, Dmitrij"]
[Black "Müller, Max"]
[Result "1-0"]
[Termination "normal"]
[Board "12"]
[WhiteElo "2005"]
[BlackElo "1648"]
[PlyCount "101"]
[WhiteFideId "12909572"]
[BlackFideId "12900486"]
[EventCountry "GER"]
[EventRounds "9"]
[EventType "swiss"]
[EventDate "2012.05.26"]

1. e4 e6 2. d4 d5 3. Nd2 Nf6 4. e5 Nfd7 5. Bd3 c5 6. c3 Nc6 7. Ne2 cxd4 8. cxd4
f6 9. exf6 Nxf6 10. O-O Bd6 11. Nf3 O-O 12. Bf4 Bxf4 13. Nxf4 Qd6 14. g3 Bd7
15. Re1 Rfe8 16. Rc1 Rac8 17. Qd2 a6 18. Bb1 Nd8 19. Rxc8 Bxc8 20. Ne5 Nf7 21.
Qd3 Ne4 22. Nxf7 Kxf7 23. Qf3 Nf6 24. Bxh7 Qb4 25. Bg6+ Kg8 26. Rd1 Re7 27. Qe2
Bd7 28. Qc2 Bc6 29. b3 a5 30. Bd3 a4 31. Ng6 Rc7 32. bxa4 Qxa4 33. Qe2 Bd7 34.
Ne5 Rc8 35. Kg2 Re8 36. g4 Bc6 37. f3 Qa3 38. Rd2 Qd6 39. Qf2 Nd7 40. Ng6 e5
41. dxe5 Nxe5 42. Nxe5 Rxe5 43. Bc2 Qe7 44. Bb3 Kf8 45. h4 Qf6 46. h5 d4 47.
Rxd4 Re2 48. Qxe2 Qxd4 49. Qe6 Qf4 50. Qg8+ Ke7 51. Qxg7+ 1-0

[Event "DEM U14 2012"]
[Site "Oberhof GER"]
[Date "2012.05.28"]
[Round "3"]
[White "Schmidt, Tobias"]
[Black "Niegsch, Nicolas"]
[Result "1-0"]
[Termination "normal"]
[Board "13"]
[WhiteElo "1735"]
[BlackElo "1687"]
[PlyCount "55"]
[WhiteFideId "1271683"]
[BlackFideId "12932140"]
[EventCountry "GER"]
[EventRounds "9"]
[EventType "swiss"]
[EventDate "2012.05.26"]

1. e4 e5 2. Nf3 Nc6 3. Bc4 Nf6 4. Ng5 d5 5. exd5 Na5 6. Bb5+ c6 7. dxc6 bxc6 8.
Bd3 Nd5 9. Nf3 Bd6 10. O-O O-O 11. Re1 Qc7 12. h3 f5 13. Bf1 Rb8 14. Nc3 Nb7
15. Bc4 Be6 16. Ng5 Bf7 17. Nxf7 Qxf7 18. d4 e4 19. a3 Na5 20. Ba2 Kh8 21. Bd2
Qc7 22. b4 Nxc3 23. Bxc3 Nb7 24. Qe2 Rbe8 25. Qc4 Qd7 26. Rad1 f4 27. d5 cxd5
28. Rxd5 1-0

[Event "DEM U14 2012"]
[Site "Oberhof GER"]
[Date "2012.05.28"]
[Round "3"]
[White "Berkov, Mikhail"]
[Black "Geldner, Gerrit"]
[Result "1-0"]
[Termination "normal"]
[Board "14"]
[WhiteElo "1815"]
[BlackElo "1708"]
[PlyCount "85"]
[WhiteFideId "24678783"]
[BlackFideId "24678929"]
[EventCountry "GER"]
[EventRounds "9"]
[EventType "swiss"]
[EventDate "2012.05.26"]

1. e4 c5 2. c3 d5 3. exd5 Qxd5 4. d4 cxd4 5. cxd4 Nc6 6. Nf3 Bg4 7. Be2 e6 8.
Nc3 Qd8 9. Be3 Nf6 10. O-O Be7 11. Qb3 Rb8 12. Rfd1 Nd5 13. Nxd5 exd5 14. Bf4
Rc8 15. Qxb7 O-O 16. Rac1 Bd6 17. Bg5 Qb6 18. Qxb6 axb6 19. h3 Bh5 20. g4 Bg6
21. Bb5 Be4 22. Rxc6 Rxc6 23. Bxc6 Bxf3 24. Rd3 Be4 25. Rb3 h6 26. Bd2 Rb8 27.
Rb5 Be7 28. Be3 f6 29. Bxd5+ Bxd5 30. Rxd5 b5 31. Rd7 Kf8 32. Bf4 Ra8 33. d5
Ke8 34. Rb7 Rxa2 35. d6 Bd8 36. Rxb5 Ra7 37. b4 Kd7 38. Rb8 Ra6 39. Rb7+ Kc8
40. Rxg7 Ra4 41. d7+ Kb7 42. Rg8 Ra8 43. Bxh6 1-0

[Event "DEM U14 2012"]
[Site "Oberhof GER"]
[Date "2012.05.28"]
[Round "3"]
[White "Tesch, Davy"]
[Black "Bardosch, Karl"]
[Result "1/2-1/2"]
[Termination "normal"]
[Board "15"]
[WhiteElo "1692"]
[BlackElo "1656"]
[PlyCount "70"]
[WhiteFideId "24679917"]
[BlackFideId "24696480"]
[EventCountry "GER"]
[EventRounds "9"]
[EventType "swiss"]
[EventDate "2012.05.26"]

1. d4 d5 2. Nf3 Nf6 3. e3 Bg4 4. Nbd2 e6 5. c4 c6 6. Bd3 Nbd7 7. Qc2 Be7 8. O-O
O-O 9. b3 Rc8 10. Ne5 Bh5 11. f4 Bg6 12. Nxg6 hxg6 13. Rf3 c5 14. Rh3 Qc7 15.
Nf3 cxd4 16. exd4 Rfd8 17. Ne5 Nf8 18. Qf2 dxc4 19. bxc4 N6h7 20. Be3 Bf6 21.
Rf1 Re8 22. Ng4 Bd8 23. Ne5 Bf6 24. Rb1 Rb8 25. Ng4 Be7 26. Ne5 Bf6 27. Bd2
Red8 28. Be2 Qd6 29. Rd3 Qa6 30. Rdb3 Qxa2 31. Bc3 Bxe5 32. fxe5 Rd7 33. R1b2
Qa1+ 34. Rb1 Qa2 35. R1b2 Qa1+ 1/2-1/2

[Event "DEM U14 2012"]
[Site "Oberhof GER"]
[Date "2012.05.29"]
[Round "4"]
[White "Grigorian, Spartak"]
[Black "Schröder, Jan-Christian"]
[Result "1/2-1/2"]
[Termination "normal"]
[Board "1"]
[WhiteElo "2078"]
[BlackElo "2306"]
[PlyCount "60"]
[WhiteFideId "24661490"]
[BlackFideId "24662259"]
[EventCountry "GER"]
[EventRounds "9"]
[EventType "swiss"]
[EventDate "2012.05.26"]

1. d4 e6 2. c4 d5 3. Nc3 c6 4. Nf3 Nf6 5. Bg5 Nbd7 6. e3 Qa5 7. cxd5 Nxd5 8.
Qd2 Bb4 9. Rc1 h6 10. Bh4 c5 11. a3 Bxc3 12. bxc3 b6 13. Bd3 Ba6 14. c4 Qxd2+
15. Kxd2 N5f6 16. Rhd1 O-O 17. Ke2 Rfe8 18. Ne5 cxd4 19. exd4 Rac8 20. f4 Rc7
21. Kf3 Rec8 22. Rc2 Bb7+ 23. Ke3 b5 24. Nxd7 Nxd7 25. c5 Bc6 26. Rb1 a6 27.
Be7 Ra7 28. g4 Re8 29. Bd6 Nf6 30. h3 Nd5+ 1/2-1/2